| 000 | 00506nam a2200169Ia 4500 | ||
|---|---|---|---|
| 005 | 20250508160813.0 | ||
| 008 | 008 250505s9999 xx 000 0 eng d | ||
| 037 | _aReference | ||
| 040 |
_aFEDL _beng _cFEDL |
||
| 041 |
_aeng _2eng |
||
| 084 |
_a342.54, IND _qFEDL |
||
| 245 | 0 | _aConstitution of India: As modified up to the 1st January, 1973 | |
| 245 | 0 | _cGovernment of India. Ministry of Law of India | |
| 300 | _axxxi,307p. | ||
| 942 |
_cREF _h342.54, IND |
||
| 999 |
_c1366718 _d1366718 |
||